Los indios de Cartagena bajo la administración española en el siglo XVII (Registro nro. 304613)

Detalles MARC
000 -ENCABEZADO
Número de control [NR] 01447nam a2200277 4500
005 - FECHA Y HORA DE LA ÚLTIMA TRANSACCIÓN
control field 20160912120101.0
008 - DE LONGITUD FIJA DE DATOS DE ELEMENTOS - INFORMACIÓN GENERAL
Elementos de longitud fija [NR] 160912s1996 ck ||fr|||| 001 0 spa d
020 ## - NUMERO INTERNACIONAL NORMALIZADO PARA LIBROS [R]
Número Internacional Normalizado del libro [NR] 9589298761
040 ## - FUENTE DE CATALOGACION [NR]
Agencia de catalogación original [NR] CO-BoUCM
Idioma de catalogación [NR] spa
Quien Cataloga Sandra Yazo
Quien Clasifica Sandra Yazo
041 0# - CODIGO DE IDIOMA [R]
Código de idioma para texto/pista de sonido o título separado [R] Español
082 04 - NUMERO DE CLASIFICACION DECIMAL DEWEY [R]
Número de la edición [NR] 20
Número de clasificación [R] 986.102
092 ## - SIGNATURA TOPOGRAFICA LOCAL
Número de clasificación local E63N061
100 1# - ASIENTO PRINCIPAL--NOMBRE PERSONAL [NR]
Nombre personal [NR] Ruiz Rivera, Julián
ID Autoridad 61890
245 14 - MENCION DE TITULO [NR]
Título [NR] Los indios de Cartagena bajo la administración española en el siglo XVII
Mención de responsabilidad, etc. [NR] Julian Ruiz Rivera
260 ## - PUBLICACION, DISTRIBUCION, ETC. (PIE DE IMPRENTA) [R]
Lugar de publicación, distribución, etc. [R] Bogotá (Colombia)
Nombre del editor, distribuidor, etc. [R] Archivo General de la Nacion
Fecha de publicación, distribución, etc. [R] 1996
300 ## - DESCRIPCION FISICA [R]
Extensión [R] 187 páginas
Dimensiones [R] 28 x 21 cm
490 #0 - MENCION DE SERIE [R]
Mención de serie [R] Historia
Designación numérica/secuencial del volumen [NR] 3
500 ## - NOTA GENERAL [R]
Nota general [NR] Detalles físicos: Encuadernación flexible en cartulina, tapas con datos de publicación. Portada sencilla. Texto impreso en dos columnas. Varias cuadros entre el texto. Notas al pie de página. Ejemplar en buen estado de conservación
505 0# - NOTA DE CONTENIDO CON FORMATO PREESTABLECIDO [R]
Nota de contenido con formato preestablecido [NR] Introducción ; Visitas a la provincia de Cartagena en el Siglo XVII ; La población indígena se extingue ; La encomienda en la provincia de Cartagena ; Tributos y servicios personales ; Los padres de doctrina ; Los indios en el contexto de la provincia ; Cuadros
506 ## - NOTA DE RESTRICCIONES DE ACCESO [R]
Condiciones de acceso [NR] Consulta en sala
650 #7 - ASIENTO SECUNDARIO DE MATERIA - TERMINO TEMATICO [R]
9 (RLIN) 17332
Término temático o nombre geográfico como elemento de entrada [NR] Indigenas de Colombia
Subdivisión cronológica [R] Siglo XVII
Subdivisión geográfica [R] Cartagena
651 #7 - ASIENTO SECUNDARIO DE MATERIA - NOMBRE GEOGRAFICO [R]
9 (RLIN) 27164
Nombre geográfico [NR] Cartagena (Colombia)
Subdivisión general [R] Historia
Subdivisión cronológica [R] Colonia
651 #7 - ASIENTO SECUNDARIO DE MATERIA - NOMBRE GEOGRAFICO [R]
Nombre geográfico [NR] Cartagena (Colombia)
Subdivisión general [R] Fuentes
Subdivisión cronológica [R] Siglo XVII
9 (RLIN) 79904
690 ## - ASUNTO AGREGADO LOCAL DE ENTRADA - TÉRMINO TEMÁTICO (OCLC, RLIN)
Acceso temático local Bibliotecología
9 (RLIN) 10049
942 ## - ELEMENTOS DE ENTRADA AGREGADOS (KOHA)
Sistema de clasificación LOCAL
Tipo de ítem principal el descrito en 300a Libro
Edición 1
Clasificación E63N061
Existencias
Suprimido Perdido Sistema de clasificación Dañado No prestable Tipo de ítem específico Ubicación habitual Ubicación actual Localización Fecha de creación Forma de adquisición Costo Total préstamos Signatura topográfica Código de barras Última vez visto Ejemplar Price effective from Tipo de ítem
    LOCAL     Libro archivo Archivo Histórico Archivo Histórico Archivo histórico 12/09/2016 Donación 0.00   E63N065 L005864 12/09/2016 Ej.1 12/09/2016 Libro